000 00599nam a22001817a 4500
999 _c68538
_d68535
082 _aR/1EE19
100 _aAquldar Zardari
100 _aRoll No. 19EE06
100 _aSupervisor - Dr. Mahdi Hassan Mallah
245 _aAnalysis of Soil Quality and Long Term Impacts of Wastewater Effluents Discharge form Sakrand Sugar Mill
260 _aNawabshah
_bQUEST
_c2023
300 _a38p
700 _aDepartment of Energy & Environment
700 _aShafqatullah (Roll No. 19EE04)
700 _aTahir Hussain (Roll No. 19EE44)
700 _aMubashir Hussain (Roll No. 19EE14)
942 _cTHESIS